AIDS and power: why is there no political crisis - yet (Record no. 34008)

MARC details
000 -LEADER
fixed length control field 00693nam a2200181 a 4500
008 - FIXED-LENGTH DATA ELEMENTS--GENERAL INFORMATION
fixed length control field 090320s2006 ||||||||||||||||| || u
020 ## - INTERNATIONAL STANDARD BOOK NUMBER
International Standard Book Number 1842777076
050 ## - LIBRARY OF CONGRESS CALL NUMBER
Classification number RA 643.86.S6 Waa
100 ## - MAIN ENTRY--PERSONAL NAME
Personal name de Waal, Alexander
245 10 - TITLE STATEMENT
Title AIDS and power: why is there no political crisis - yet
Statement of responsibility, etc. by Alex de Waal
260 ## - PUBLICATION, DISTRIBUTION, ETC.
Place of publication, distribution, etc. London:
Name of publisher, distributor, etc. Zed Books
Date of publication, distribution, etc. 2006
300 ## - PHYSICAL DESCRIPTION
Extent [iv], 147p.
350 ## - PRICE (NR) (BK AM CF MU VM SE) [OBSOLETE]
Price 0.00
490 ## - SERIES STATEMENT
Series statement African arguments
650 ## - SUBJECT ADDED ENTRY--TOPICAL TERM
Topical term or geographic name entry element UROLOGIC DISEASES
650 ## - SUBJECT ADDED ENTRY--TOPICAL TERM
Topical term or geographic name entry element AIDS--DISEASE--POLITICAL ASPECTS--SOUTH AFRICA
995 ## - RECOMMENDATION 995 [LOCAL, UNIMARC FRANCE]
-- 0.00
-- CBU-MAIN LIBRARY (Kitwe)
-- 1
-- 0.00
-- 1
-- AVAILABLE
-- May 20, 2009
-- Main Library Open Access Collection
Holdings
Withdrawn status Lost status Source of classification or shelving scheme Damaged status Not for loan Home library Current library Shelving location Date acquired Total Checkouts Full call number Barcode Date last seen Price effective from Koha item type
          CBU-MAIN LIBRARY, KITWE. CBU-MAIN LIBRARY, KITWE.   11/30/2022   RA 643.86.S6 Waa 739938 11/30/2022 11/30/2022 MONOGRAPH